Elemental and phase composition of TiB2–Mo coating sprayed on a steel by electro-explosive method; Inorganic Materials: Applied Research; Vol. 8, iss. 3

מידע ביבליוגרפי
Parent link:Inorganic Materials: Applied Research.— , 2010-
Vol. 8, iss. 3.— 2017.— [P. 423–427]
מחבר תאגידי: Национальный исследовательский Томский политехнический университет (ТПУ) Физико-технический институт (ФТИ) Кафедра теоретической и экспериментальной физики (ТиЭФ) Центр технологий (ЦТ)
מחברים אחרים: Romanov D. A. Dmitry Aleksandrovich, Goncharova E. N. Elena Nikolaevna, Budovskikh E. A. Evgeny Aleksandrovich, Gromov V. E. Viktor Evgenjevich, Ivanov Yu. F. Yuriy Fedorovich, Teresov A. D. Anton Dmitrievich
סיכום:Title screen
The elemental and phase composition of the surface layer of Hardox 450 steel with a composite TiB2–Mo coating sprayed by an electro-explosive method are investigated after pulsed irradiation with an intense electron beam of submillisecond duration. Electron-beam treatment conditions leading to formation of a dense surface layer with high luster with a submicrograin structure on the basis of titanium diboride and nickel are ascertained. It is shown that an electron-beam treatment under melting rate leads to formation of a surface layer with homogeneous structure and uniform concentration distribution.
Режим доступа: по договору с организацией-держателем ресурса
שפה:אנגלית
יצא לאור: 2017
נושאים:
גישה מקוונת:http://dx.doi.org/10.1134/S2075113317030200
פורמט: אלקטרוני Book Chapter
KOHA link:https://koha.lib.tpu.ru/cgi-bin/koha/opac-detail.pl?biblionumber=655277

MARC

LEADER 00000naa0a2200000 4500
001 655277
005 20250318113238.0
035 |a (RuTPU)RU\TPU\network\21238 
035 |a RU\TPU\network\19667 
090 |a 655277 
100 |a 20170817d2017 k||y0rusy50 ba 
101 0 |a eng 
102 |a US 
135 |a drcn ---uucaa 
181 0 |a i  
182 0 |a b 
200 1 |a Elemental and phase composition of TiB2–Mo coating sprayed on a steel by electro-explosive method  |f D. A. Romanov [et al.] 
203 |a Text  |c electronic 
300 |a Title screen 
320 |a [References: p. 427 (8 tit.)] 
330 |a The elemental and phase composition of the surface layer of Hardox 450 steel with a composite TiB2–Mo coating sprayed by an electro-explosive method are investigated after pulsed irradiation with an intense electron beam of submillisecond duration. Electron-beam treatment conditions leading to formation of a dense surface layer with high luster with a submicrograin structure on the basis of titanium diboride and nickel are ascertained. It is shown that an electron-beam treatment under melting rate leads to formation of a surface layer with homogeneous structure and uniform concentration distribution. 
333 |a Режим доступа: по договору с организацией-держателем ресурса 
461 |t Inorganic Materials: Applied Research  |d 2010- 
463 |t Vol. 8, iss. 3  |v [P. 423–427]  |d 2017 
610 1 |a электронный ресурс 
610 1 |a труды учёных ТПУ 
610 1 |a электровзрывные напыления 
610 1 |a электронно-лучевая обработка 
610 1 |a диборид титана 
610 1 |a никель 
610 1 |a структура 
701 1 |a Romanov  |b D. A.  |g Dmitry Aleksandrovich 
701 1 |a Goncharova  |b E. N.  |g Elena Nikolaevna 
701 1 |a Budovskikh  |b E. A.  |g Evgeny Aleksandrovich 
701 1 |a Gromov  |b V. E.  |g Viktor Evgenjevich 
701 1 |a Ivanov  |b Yu. F.  |c physicist  |c Professor of Tomsk Polytechnic University, Doctor of physical and mathematical sciences  |f 1955-  |g Yuriy Fedorovich  |3 (RuTPU)RU\TPU\pers\33559 
701 1 |a Teresov  |b A. D.  |g Anton Dmitrievich 
712 0 2 |a Национальный исследовательский Томский политехнический университет (ТПУ)  |b Физико-технический институт (ФТИ)  |b Кафедра теоретической и экспериментальной физики (ТиЭФ)  |b Центр технологий (ЦТ)  |3 (RuTPU)RU\TPU\col\20620 
801 2 |a RU  |b 63413507  |c 20170817  |g RCR 
856 4 |u http://dx.doi.org/10.1134/S2075113317030200 
942 |c CF